| 000 | 00467nam a2200133Ia 4500 | ||
|---|---|---|---|
| 008 | 170221s9999 xx 000 0 und d | ||
| 245 | _aPerceived Poll Bias and Inference of Biased Poll Impact in the 2010 U.S. Midterm Elections: Media Performance in the Eyes of the Beholder | ||
| 260 | _bThe Open Communication Journal | ||
| 260 | _c2013 | ||
| 300 | _a7 : | ||
| 650 | _xCommunication | ||
| 650 | _xMedia Arts | ||
| 856 | _uhttps://benthamopen.com/TOCOMMJ/VOLUME/7/ | ||
| 999 |
_c307260 _d307260 |
||